Statistics for Soccer Teams Andy Carroll Has Played For

Click here to take the quiz!

General Stats

  • This quiz has been taken 41 times
    (33 since last reset)
  • The average score is 6 of 7

Answer Stats

YearsAppearancesGoalsClub% Correct
2006-20118031Newcastle United
93%
2019-130Newcastle United
93%
2010- (International)92England
89%
2011-2013446Liverpool
89%
2012-2013 (Loan)247West Ham United
89%
2013-201910226West Ham United
89%
2007-2008 (Loan)111Preston North End
11%

Score Distribution

Percentile by Number Answered

Percent of People with Each Score

Your Score History

You have not taken this quiz since the last reset